Pancakes

Bibliographic Details
Main Author: Hawkins, Kathryn
Format: Book
Published: London : New Holland , 2006
Subjects:

MARC

LEADER 00000cam a2200000 7i4500
001 0000020252
005 20220224.0
020 |a 184537410x 
040 |a INS 
090 0 0 |a TX770   |b H39 2006 
100 1 |a Hawkins, Kathryn 
245 1 0 |a Pancakes   |c Kathryn Hawkins 
260 |a London :   |b New Holland ,   |c 2006 
300 |a 176 p. :   |b ill.col. ;   |c 23 cm. 
500 |a Includes index 
650 0 0 |a Pancakes and crepes 
650 0 0 |a Pancakes, waffles, etc. 
999 |a 0000019152   |b BOOK   |c Open Shelf   |e Default branch